00527 2200205 4500001002100000005001500021008004100036020002200077035001900099041000700118082001000125090001600135100001900151700002100170245003600191260003500227300002800262500001000290650002100300INLIS00000000000451720241224112927241224||||||||| | ||| |||| || |  a978-979-002-733-6 0010-1224004517 aid0 a633.1 a633.1 RUD p0 aRudi H. Paeru.0 aTrias Qurnia Dew00aPanduan Praktis Budidaya Jagung aJakartabPenebar Swadayac2017 aiv, 84 HAL,; IL,; 23 CM aCET 1 0aTanaman dan Buah